Toán học và phương pháp dạy trẻ làm quen với toán Sách giáo khoa dùng cho giáo sinh các trường Trung học sư phạm Mẫu giáo

में बचाया:
ग्रंथसूची विवरण
मुख्य लेखक: Nguyễn, Duy Thuận (Chủ biên)
अन्य लेखक: Lương, Thị Hùng, Đặng, Ngọc Châm
स्वरूप: पुस्तक
भाषा:Vietnamese
प्रकाशित: H. Giáo dục 1988
विषय:
टैग : टैग जोड़ें
कोई टैग नहीं, इस रिकॉर्ड को टैग करने वाले पहले व्यक्ति बनें!
Thư viện lưu trữ: Trung tâm Học liệu Lê Vũ Hùng, Trường Đại học Đồng Tháp
LEADER 01052pam a22003018a 4500
001 00029700
005 20171026081025.0
008 121108s1988 ||||||viesd
041 0 # |a vie 
082 1 4 |a 372.7  |b T406H 
100 1 # |a Nguyễn, Duy Thuận  |e Chủ biên 
245 1 0 |a Toán học và phương pháp dạy trẻ làm quen với toán  |c Nguyễn Duy Thuận (ch.b); Lương Thị Hùng, Đặng Ngọc Châm  |b Sách giáo khoa dùng cho giáo sinh các trường Trung học sư phạm Mẫu giáo 
260 # # |a H.  |b Giáo dục  |c 1988 
300 # # |a 175 tr.  |c 19 cm. 
653 # # |a Giảng dạy 
653 # # |a Toán học 
653 # # |a Mẫu giáo 
700 1 # |a Lương, Thị Hùng 
700 1 # |a Đặng, Ngọc Châm 
852 # # |b Kho dọc  |j KD.0014127 
852 # # |b Kho đọc  |j KD.0014127 
852 # # |j KD.0014127 
910 0 # |a Ntuyet  |d 08/11/2012 
980 # # |a Trung tâm Học liệu Lê Vũ Hùng, Trường Đại học Đồng Tháp